Countries Guns N' Roses has Visited - Statistics

General Stats
  • This quiz has been taken 41 times
    8 since last reset
  • The average score is 57 of 64
Answer Stats
Continent Country % Correct
South America Argentina
100%
Oceania Australia
100%
Europe Belgium
100%
South America Brazil
100%
North America Canada
100%
South America Chile
100%
South America Colombia
100%
Europe France
100%
Europe Germany
100%
Asia Israel
100%
Europe Italy
100%
Asia Japan
100%
North America Mexico
100%
Europe Netherlands
100%
Oceania New Zealand
100%
Asia Philippines
100%
Europe Poland
100%
Europe Romania
100%
Asia/ Europe Russia
100%
Asia South Korea
100%
Europe Spain
100%
Asia Thailand
100%
Asia/ Europe Turkey
100%
Europe United Kingdom
100%
North America United States of America
100%
Europe Austria
86%
South America Bolivia
86%
Europe Bulgaria
86%
Europe Croatia
86%
Europe Czech Republic
86%
Europe Denmark
86%
South America Ecuador
86%
North America El Salvador
86%
Europe Estonia
86%
Europe Finland
86%
Europe Greece
86%
Europe Hungary
86%
Europe Iceland
86%
Asia India
86%
Asia Indonesia
86%
Europe Ireland
86%
Europe Lithuania
86%
Europe Luxembourg
86%
Asia Malaysia
86%
Europe Norway
86%
North America Panama
86%
Europe Portugal
86%
Asia Saudi Arabia
86%
Europe Serbia
86%
Asia Singapore
86%
Europe Slovakia
86%
Africa South Africa
86%
Europe Sweden
86%
Europe Switzerland
86%
Asia Taiwan
86%
Asia United Arab Emirates
86%
South America Uruguay
86%
Asia Bahrain
71%
North America Costa Rica
71%
South America Paraguay
71%
South America Peru
71%
South America Venezuela
71%
Asia Georgia
57%
Asia Lebanon
57%
No matching quizzes found
Score Distribution
Percent of People with Each Score
Percentile by Number Answered
Your Score History
You have not taken this quiz since the last reset